000 01867nam0a2200361 4500
001 RU\NLR\BIBL_A\022720646
005 20260216150315.0
010 _a978-5-9268-4752-6
_94000
021 _aRU
_bКН-П-25-078775
_9КН-П-25-7627
035 _a(NLR Aleph) 022720646
090 _a13688028
_c13688028
100 _a20260206d2025 c y0rusy50 ca
101 0 _arus
102 _aRU
105 _aa z 000ay
181 0 _ai
_baxxe
181 0 _ab1
_bbb2e
182 0 _an
200 1 _aВожак санитарной упряжки
_eповесть
_e[для детей младшего школьного возраста]
_fЕвгений Коковин
_gхудожник: Арнольд Тамбовкин
203 _aТекст
_aИзображение
_bвизуальные
_cнепосредственные
210 _aСанкт-Петербург
_aМосква
_cРечь
_d2025
215 _a61, [2] с.
_cил.
_d24
225 1 _aСерия "Вот как это было"
311 _aНа обороте тит. с.: Печатается по изд.: Коковин Е. С. Динь-Даг: повести и рассказы.- Ленинград: Детская литература, 1977
451 0 _12001#$aДинь-Даг$eповести и рассказы$fКоковин Е. С.
_1210##$aЛенинград$cДетская литературf$g1977
_1700#1$aКоковин$bЕ. С.$f1933-1998$gАрнольд Георгиевич$3RU\NLR\AUTH\770162435
686 0 _aШ9(2)60=Р7-4
700 1 _aКоковин
_bЕ. С.
_f1913-1977
_gЕвгений Степанович
_3RU\NLR\AUTH\7789606
702 1 _aТамбовкин
_bА. Г.
_f1933-1998
_gАрнольд Георгиевич
_3RU\NLR\AUTH\770162435
_4040
942 _cBOOK
980 _aNB